[Event "Asian-ch U14 Girls"]
[Site "Beijing"]
[Date "2010.07.11"]
[Round "4.2"]
[White "Lei, Tingjie"]
[Black "Bagheri, Nadia"]
[Result "1-0"]
[WhiteElo "1984"]
[BlackElo "1835"]
[PlyCount "95"]
[EventDate "2010.07.09"]
[EventType "swiss"]
[EventRounds "9"]
[EventCountry "CHN"]
[SourceTitle "EXT 2024"]
[Source "ChessBase"]
[SourceDate "2023.10.10"]
[SourceVersion "1"]
[SourceVersionDate "2023.10.10"]
[SourceQuality "1"]

1. e4 c5 2. c3 Nf6 3. e5 Nd5 4. d4 cxd4 5. cxd4 d6 6. Nf3 Nc6 7. Bc4 Nb6 8. Bb3 d5 9. 0-0 Bg4 10. Be3 e6 11. Nbd2 Bb4 12. Qb1 Na5 13. Bc2 Bxf3 14. Nxf3 Nac4 15. a3 Be7 16. Bc1 Rc8 17. b3 Na5 18. Be3 g5 19. h3 h5 20. Nh2 Kd7 21. f4 g4 22. hxg4 hxg4 23. Nxg4 Qg8 24. Bd1 Rh4 25. f5 Rxg4 26. fxe6+ fxe6 27. Bxg4 Qxg4 28. Rf4 Qg7 29. Qf1 Rh8 30. Rf7 Qg6 31. Qf6 Qxf6 32. exf6 Nc8 33. fxe7 Nd6 34. Rf8 Rh5 35. e8Q+ Nxe8 36. Rf7+ Kd8 37. Rc1 Rf5 38. Rh7 Nd6 39. g4 Rf3 40. Bg5+ Ke8 41. Rcc7 Nc6 42. Kg2 Rf7 43. Rh8+ Rf8 44. Rh6 Nxd4 45. Re7+ Kd8 46. Rexe6+ Kc7 47. Rxd6 Rg8 48. Rxd5 1-0